000 00600nam a2200217Ia 4500
003 OSt
005 20220927105530.0
006 a|||||r|||| 00| 0
007 ta
008 220926b |||||||| |||| 00| 0 eng d
024 _a170160
037 _cReference Collections
040 _aRTL
_cRTL
_beng
041 _2eng
_aeng
082 _a"X9m2, Ns2, J23"
245 0 _a"Monthly review of Industry. Vol.3, no.1 (1952)."
260 _aBombay
_bAn Onlooker Publication
_c1952
300 _a52p.
_ccm.
942 _h"X9m2, Ns2, J23"
_cCC
999 _c692862
_d692862